000 00436nam a2200181Ia 4500
001 14093
005 20260306164849.0
008 260306t2001||||xx |||||||||||||| ||spa||
041 _aESP
082 _a006.37
_bK93
100 _aKulkarni, Arun D.
_eAUT
245 0 _aComputer vision and fuzzy-neural systems
260 _c2001
300 _a504 páginas :
_c24 cm.
650 _aGEN
654 _aCCC
942 _cLIB
_dJUS
_fJUS
_2ddc
_n
999 _c14093
_d14093